000 00731nas a2200253 4500
001 BR8103791
003 BR-BrBNA
005 20231205084814.0
007 ta
008 230509b bl.|||p| |||| 00| 00por d
040 _aBR-BrBNA
_bpor
_cBiblioteca Nacional de Agricultura
041 _a(Pt)
072 _aK50
100 1 _aTomaselli, I.
100 1 _aMoreschi, J.C.
100 1 _aCastro, N.S.
245 1 _aInfluencia da resinagem na qualidade de madeira de Pinus elliottii [Pinheiro]
650 _aPINHEIRO
650 _aRESINA
650 _aMADEIRA
773 0 _tBrasil Madeira (Brazil)
_xISSN 0100-3119
_g(May 1981), v. 5(52) p. 18-21
_wBR8103791
909 _a202311
_bLúcia
_c55
_dLúcia Elande
942 _2AGRIS
_n0
_cANA
999 _c107390
_d107390